000 00267nam a2200109Ia 4500
008 190216s9999||||xx |||||||||||||| ||und||
100 _aManmatha Nath Gupth
245 0 _aHindi-Ramderi Sinh Dinakar
260 _b"Rajpal & Sons, Delhi"
650 _aHindi
942 _cBK
999 _c15248
_d15248